000 00609nam a2200229Ia 4500
003 OSt
005 20220928102700.0
006 a|||||r|||| 00| 0
007 ta
008 220927b |||||||| |||| 00| 0 eng d
024 _a39003
037 _cTextual
040 _aSDCL
_cSDCL
_beng
041 _2eng
_aeng
082 _aO152:g(Y:351), N9
100 _aKothari Komal
_9399840
245 0 _aSaahitya, sangeet aur kala.
260 _aDelhi
_bJanvaani Prakashan
_c1999
300 _a175p.
_ccm.
942 _hO152:g(Y:351), N9
_cTEXL
_2CC
999 _c715743
_d715743